[Event "Championnat de France 2006 - Open C"]
[Site "BESANCON"]
[Date "2006.08.22"]
[Round "7.1"]
[White "Souquet, Amedee"]
[Black "Farinone, Jean-Marc"]
[Result "0-1"]
[WhiteElo "1660"]
[BlackElo "1599"]
[PlyCount "74"]
[EventDate "2006.??.??"]

1. c4 Nf6 2. d4 e6 3. Nc3 d5 4. f3 c6 5. e4 dxe4 6. fxe4 e5 7. d5 Bc5 8. Be2
Ng4 9. Bxg4 Qh4+ 10. g3 Qxg4 11. Qf3 O-O 12. Bd2 Qg6 13. Be3 Bd4 14. Rc1 Bg4
15. Qf2 Bxc3+ 16. Rxc3 Qxe4 17. h3 Qxh1 18. hxg4 cxd5 19. Bc5 Qe4+ 20. Ne2 Rd8
21. cxd5 Qxd5 22. Qf5 Nc6 23. Qg5 e4 24. Qe3 Ne5 25. Bd4 Nf3+ 26. Kf2 Nxd4 27.
Nf4 Qe5 28. Nd3 Qf6+ 29. Nf4 g5 30. Qxe4 gxf4 31. gxf4 Re8 32. Qh1 Qxf4+ 33.
Kg2 Qe4+ 34. Kh2 Qxh1+ 35. Kxh1 Re2 36. g5 Rxb2 37. Kg1 Ne2+ 0-1

[Event "Championnat de France 2006 - Open C"]
[Site "BESANCON"]
[Date "2006.08.22"]
[Round "7.2"]
[White "Louison, Lewis"]
[Black "Lagarde, Benjamin"]
[Result "1-0"]
[WhiteElo "1660"]
[BlackElo "1580"]
[PlyCount "59"]
[EventDate "2006.??.??"]

1. e4 c5 2. b4 d6 3. bxc5 dxc5 4. Bb2 Nc6 5. Nf3 Nf6 6. e5 Nd5 7. Bb5 e6 8.
Bxc6+ bxc6 9. c4 Nf4 10. O-O g5 11. d4 g4 12. Nfd2 Rg8 13. Ne4 Be7 14. dxc5 Rg6
15. Nd6+ Kf8 16. Bc1 Nh3+ 17. gxh3 gxh3+ 18. Kh1 Bg5 19. Rg1 Bxc1 20. Rxg6 hxg6
21. Qxc1 Kg7 22. Qf4 Bb7 23. Qxf7+ Kh6 24. Qf4+ Kh7 25. Qf7+ Kh6 26. Qxb7 Qa5
27. Na3 Qxa3 28. Qb3 Qxc5 29. Qxh3+ Kg7 30. Rb1 1-0

[Event "Championnat de France 2006 - Open C"]
[Site "BESANCON"]
[Date "2006.08.22"]
[Round "7.3"]
[White "Marechal, Stanislas"]
[Black "Vinckier, Delphine"]
[Result "0-1"]
[WhiteElo "1510"]
[BlackElo "1590"]
[PlyCount "72"]
[EventDate "2006.??.??"]

1. d4 d5 2. Nf3 Nf6 3. e3 Bf5 4. c4 e6 5. Qb3 Nc6 6. a3 b6 7. Qb5 Qd7 8. cxd5
Nxd5 9. Ne5 Nxe5 10. dxe5 c6 11. Qa4 Bg6 12. Bd2 Rd8 13. Nc3 Bc5 14. b4 Nxb4
15. Ne4 Bxe4 16. Bxb4 Bxb4+ 17. Qxb4 c5 18. Qb2 O-O 19. Bb5 Bc6 20. Bxc6 Qxc6
21. O-O b5 22. Rfc1 c4 23. Qc2 Rb8 24. a4 a6 25. axb5 axb5 26. Ra5 Rfc8 27. Rd1
Qc7 28. Qc3 b4 29. Qa1 c3 30. Qa4 b3 31. Rd7 b2 32. Rb5 b1=Q+ 33. Rxb1 Rxb1+
34. Rd1 Rxd1+ 35. Qxd1 c2 36. Qc1 Qd7 0-1

[Event "Championnat de France 2006 - Open C"]
[Site "BESANCON"]
[Date "2006.08.22"]
[Round "7.4"]
[White "Perradin, Vincent"]
[Black "Thelen, Sylvain"]
[Result "1/2-1/2"]
[WhiteElo "1690"]
[BlackElo "1570"]
[PlyCount "42"]
[EventDate "2006.??.??"]

1. e4 c6 2. Nf3 d5 3. Nc3 dxe4 4. Nxe4 Bf5 5. Nc3 Nf6 6. d3 h6 7. g3 e6 8. Bg2
Bd6 9. O-O O-O 10. Be3 Nbd7 11. Qd2 Ng4 12. Kh1 Re8 13. Rfe1 Qc7 14. Ne4 Nxe3
15. Nxd6 Qxd6 16. fxe3 Rad8 17. e4 Bh7 18. e5 Qc5 19. c3 Nb6 20. d4 Qe7 21. Qe2
c5 1/2-1/2

[Event "Championnat de France 2006 - Vétérans"]
[Site "BESANCON"]
[Date "2006.08.22"]
[Round "7.1"]
[White "Patrat, Joel"]
[Black "Meinsohn, Francis"]
[Result "0-1"]
[WhiteElo "2003"]
[BlackElo "2250"]
[PlyCount "56"]
[EventDate "2006.??.??"]

1. c4 e6 2. e3 d5 3. Qc2 Nf6 4. Nf3 Be7 5. d4 O-O 6. Nc3 b6 7. Be2 Bb7 8. cxd5
exd5 9. O-O Nbd7 10. Qa4 a6 11. b4 Bd6 12. Qb3 c6 13. a4 Qe7 14. Ba3 Kh8 15.
Bd3 Ne4 16. Rfe1 b5 17. Rab1 f5 18. Ne2 Rf6 19. Qc2 Rh6 20. Ng3 Rf8 21. Nf1 g5
22. Ne5 Nxe5 23. dxe5 Bxe5 24. f3 Nd6 25. f4 gxf4 26. exf4 Bd4+ 27. Kh1 Ne4 28.
Bb2 {#} 28... Rxh2+ 0-1

[Event "Championnat de France 2006 - Vétérans"]
[Site "BESANCON"]
[Date "2006.08.22"]
[Round "7.2"]
[White "Goldenberg, Richard"]
[Black "Papet, Bernard"]
[Result "1-0"]
[WhiteElo "2329"]
[BlackElo "1933"]
[PlyCount "105"]
[EventDate "2006.??.??"]

1. Nf3 d5 2. g3 c6 3. Bg2 Nf6 4. b3 Bg4 5. Bb2 Nbd7 6. c4 e6 7. O-O Bd6 8. d3
O-O 9. Nbd2 Qc7 10. Qc2 Rfe8 11. Rac1 Rac8 12. Qb1 Qb8 13. h3 Bh5 14. Rfe1 h6
15. Nh4 Ne5 16. Qa1 Kh7 17. f4 Ned7 18. e4 e5 19. f5 g5 20. fxg6+ Bxg6 21. Nxg6
fxg6 22. cxd5 cxd5 23. exd5 Nc5 24. Ne4 Ncxe4 25. dxe4 Nd7 26. Rf1 Rf8 27. Kh2
b6 28. Rxc8 Qxc8 29. Rxf8 Qxf8 30. Qf1 Qxf1 31. Bxf1 Nc5 32. Bg2 Nd3 33. Ba1
Nc1 34. Bf1 Nxa2 35. Bb2 Nb4 36. Kg2 Nc2 37. Be2 Kg7 38. Bc3 Kf6 39. Bd2 g5 40.
h4 Nd4 41. Bd1 a5 42. hxg5+ hxg5 43. Kh3 Kg6 44. Kg4 Be7 45. Be3 Bd8 46. Bxd4
exd4 47. e5 b5 48. Bc2+ Kf7 49. Kf5 a4 50. bxa4 d3 51. Bxd3 bxa4 52. d6 a3 53.
e6+ 1-0

[Event "Championnat de France 2006 - Vétérans"]
[Site "BESANCON"]
[Date "2006.08.22"]
[Round "7.3"]
[White "Birens, Eric-Andre"]
[Black "Oger, Claude"]
[Result "1/2-1/2"]
[WhiteElo "2037"]
[BlackElo "1962"]
[PlyCount "86"]
[EventDate "2006.??.??"]

1. d4 Nf6 2. c4 e6 3. Nc3 d5 4. Bg5 Be7 5. cxd5 exd5 6. Qc2 h6 7. Bh4 b6 8. e3
Bb7 9. Nf3 O-O 10. Bd3 Nbd7 11. O-O c5 12. Rac1 Rc8 13. Bf5 Ra8 14. Rfd1 c4 15.
Ne5 a6 16. f3 b5 17. a3 Qe8 18. e4 Nb6 19. Re1 g6 {#} 20. exd5 gxf5 21. Nc6
Bxc6 22. Bxf6 Bxf6 23. Rxe8 Bxd4+ 24. Kf1 Bxe8 25. Qxf5 Bd7 26. Qh5 Bg7 27. Re1
Rfe8 28. Re4 f5 29. Rxe8+ Rxe8 30. Qg6 Na4 31. Nd1 Kh8 32. Qxa6 Nxb2 33. Nxb2
Bxb2 34. Qxh6+ Kg8 35. Qd6 Bc8 36. Qc6 Kf8 37. Qxb5 c3 38. Qc5+ Kg8 39. Qc6 Kf8
40. Qf6+ Kg8 41. h4 Ba6+ 42. Kf2 Rf8 43. Qg6+ Kh8 1/2-1/2

[Event "Championnat de France 2006 - Vétérans"]
[Site "BESANCON"]
[Date "2006.08.22"]
[Round "7.4"]
[White "Peyrin, Jean"]
[Black "Rosenfeld, Imre"]
[Result "1/2-1/2"]
[WhiteElo "2004"]
[BlackElo "2042"]
[PlyCount "155"]
[EventDate "2006.??.??"]

1. d4 d5 2. Nf3 Nf6 3. c4 e6 4. Nc3 c6 5. cxd5 Nxd5 6. e4 Nxc3 7. bxc3 c5 8.
Bb5+ Bd7 9. Bxd7+ Nxd7 10. O-O cxd4 11. cxd4 Be7 12. Qb3 Nb6 13. Bf4 O-O 14.
Rac1 Bd6 15. Be3 Qd7 16. d5 exd5 17. Bxb6 axb6 18. Qxd5 Qe7 19. Rfd1 Bc5 20.
Qc4 Rfd8 21. Rd5 Rxd5 22. exd5 Rc8 23. Qd3 Rd8 24. Re1 Qf6 25. Qd2 h6 26. h3
Qd6 27. Rd1 Re8 28. Qd3 Ra8 29. Qc4 Rd8 30. Qe2 Qf6 31. Qd2 Qf5 32. Qd3 Qf6 33.
Qb3 Qf4 34. Qb2 Qa4 35. Qb3 b5 36. Qb1 b4 37. Qb3 Qa6 38. Re1 Qf6 39. Rc1 b6
40. Qc4 Qb2 41. Rf1 Qc3 42. Qe4 b3 43. axb3 Qxb3 44. Rb1 Qxd5 45. Qxd5 Rxd5 46.
Kf1 Kf8 47. Ke2 Ke7 48. Rb2 Kd6 49. Nd2 Kc6 50. Ne4 Rd4 51. f3 Rd8 52. g4 Ra8
53. h4 Ra3 54. Nd2 Re3+ 55. Kd1 Rd3 56. Ke2 Rd5 57. h5 f5 58. Rc2 fxg4 59. fxg4
Rd4 60. Kf3 Kd5 61. Nf1 Ke5 62. Re2+ Kf6 63. Ng3 Rd3+ 64. Kg2 Re3 65. Rc2 Re1
66. Nf5 Re4 67. Kf3 Ra4 68. Rd2 Kg5 69. Nxg7 Ra3+ 70. Ke4 Kxg4 71. Rg2+ Kh3 72.
Rg6 Rg3 73. Rxg3+ Kxg3 74. Nf5+ Kg4 75. Nxh6+ Kxh5 76. Nf7 Kg6 77. Ne5+ Kf6 78.
Nd7+ 1/2-1/2

[Event "Championnat de France 2006 - Vétérans"]
[Site "BESANCON"]
[Date "2006.08.22"]
[Round "7.5"]
[White "Dufour, Jean"]
[Black "Ancival, Lucien"]
[Result "0-1"]
[WhiteElo "1962"]
[BlackElo "2044"]
[PlyCount "62"]
[EventDate "2006.??.??"]

1. e4 c5 2. c3 g6 3. d4 cxd4 4. cxd4 e6 5. Nf3 Ne7 6. Bd3 Bg7 7. Nc3 Nbc6 8.
Be3 d5 9. e5 O-O 10. O-O a6 11. Rc1 f6 12. exf6 Bxf6 13. Na4 Nf5 14. Bb1 Nxe3
15. fxe3 Bg7 16. Qd3 Ne7 17. Rcd1 Bd7 18. Nc3 Rc8 19. e4 dxe4 20. Qxe4 Qb6 21.
Rf2 Nf5 22. d5 Bxc3 23. bxc3 Rxc3 24. dxe6 Bxe6 25. Nd4 Nxd4 26. Rxf8+ Kxf8 27.
Rxd4 Rc1+ 28. Kf2 Rxb1 29. Kg3 Qc7+ 30. Kf3 Bf5 31. Qh4 Qc3+ 0-1

[Event "Championnat de France 2006 - Accession"]
[Site "BESANCON"]
[Date "2006.08.23"]
[Round "8.1"]
[White "Edouard, Romain"]
[Black "Shoker, Samy"]
[Result "1/2-1/2"]
[WhiteElo "2404"]
[BlackElo "2355"]
[PlyCount "48"]
[EventDate "2006.??.??"]

1. e4 g6 2. d4 Bg7 3. Nc3 d6 4. Be3 c6 5. f4 b5 6. a3 a6 7. Nf3 Nd7 8. Be2 Bb7
9. O-O Qc7 10. e5 Nh6 11. Kh1 O-O 12. e6 Nf6 13. Ng5 Bc8 14. exf7+ Nxf7 15. Bf3
e6 16. Nxf7 Rxf7 17. Qd2 Bd7 18. Ne4 Nxe4 19. Bxe4 Raf8 20. Rf3 c5 21. c3 d5
22. Bd3 cxd4 23. cxd4 Rc8 24. Rff1 Qb6 1/2-1/2

[Event "Championnat de France 2006 - Accession"]
[Site "BESANCON"]
[Date "2006.08.23"]
[Round "8.2"]
[White "Govciyan, Pavel"]
[Black "Benitah, Yohan"]
[Result "1-0"]
[WhiteElo "2397"]
[BlackElo "2406"]
[PlyCount "67"]
[EventDate "2006.??.??"]

1. c4 Nf6 2. Nc3 g6 3. d4 Bg7 4. e4 d6 5. Nf3 O-O 6. Be2 c5 7. O-O Na6 8. d5
Nc7 9. h3 e6 10. a4 exd5 11. exd5 h6 12. Bd3 Na6 13. Bb1 Nb4 14. Ra3 a6 15. Bf4
Nh5 16. Bd2 f5 17. Qc1 Kh7 18. Ne2 Bd7 19. a5 Re8 20. Ng3 Nf6 21. Bf4 b5 22.
axb6 Qxb6 23. Nh4 Ne4 24. Qd1 Rf8 25. Nxg6 Kxg6 26. Qh5+ Kh7 27. Nxe4 Be8 28.
Qe2 Nxd5 29. cxd5 Bb5 30. Qh5 Bxf1 31. Rg3 Qxb2 32. Bxh6 Be2 33. Qg6+ Kg8 34.
Bxg7 1-0

[Event "Championnat de France 2006 - Accession"]
[Site "BESANCON"]
[Date "2006.08.23"]
[Round "8.3"]
[White "Houriez, Clement"]
[Black "Bijaoui, Manuel"]
[Result "0-1"]
[WhiteElo "2125"]
[BlackElo "2363"]
[PlyCount "60"]
[EventDate "2006.??.??"]

1. e4 c5 2. Nc3 d6 3. f4 Nc6 4. Nf3 g6 5. g3 Bg7 6. d3 e5 7. Bg2 Nge7 8. O-O
Nd4 9. Be3 exf4 10. Bxf4 Qb6 11. Rb1 O-O 12. Qd2 Be6 13. Bh6 Nxf3+ 14. Bxf3
Bxh6 15. Qxh6 c4+ 16. Kh1 cxd3 17. cxd3 Nc6 18. Bg2 Ne5 19. Qd2 Qd4 20. Rbd1
Bg4 21. Ne2 Qxd3 22. Qxd3 Nxd3 23. Bf3 Bh3 24. Bg2 Bxg2+ 25. Kxg2 Nxb2 26. Rxd6
Nc4 27. Rd3 Rad8 28. Rc3 b5 29. a4 Nd2 30. Rf4 b4 0-1

[Event "Championnat de France 2006 - Accession"]
[Site "BESANCON"]
[Date "2006.08.23"]
[Round "8.4"]
[White "Vitoux, Colomban"]
[Black "Robin, Samy"]
[Result "0-1"]
[WhiteElo "2300"]
[BlackElo "2289"]
[PlyCount "69"]
[EventDate "2006.??.??"]

1. e4 e5 2. Nf3 Nc6 3. d4 exd4 4. Nxd4 Bc5 5. Nf5 Qf6 6. Nc3 Nge7 7. Ne3 d6 8.
Be2 Nd4 9. Bd3 c6 10. O-O b5 11. f4 Ng6 12. Kh1 Qe7 13. Nf5 Qf6 14. e5 dxe5 15.
Ne4 Qxf5 16. Nd6+ Bxd6 17. Bxf5 Nxf5 18. g4 Be6 19. gxf5 Bd5+ 20. Kg1 Bc5+ 21.
Rf2 Nxf4 22. Bxf4 exf4 23. Qg4 O-O-O 24. b3 h5 25. Qxf4 Rhe8 26. Kf1 Re4 27.
Qg5 Bxf2 28. Kxf2 Rg4 29. Qxh5 Rg2+ 30. Kf1 Rxc2 31. Re1 Rxa2 32. f6 gxf6 33.
Qf5+ Be6 34. Qf3 Rd5 35. Re2 0-1

[Event "Championnat de France 2006 - Accession"]
[Site "BESANCON"]
[Date "2006.08.23"]
[Round "8.5"]
[White "Riff, Vincent"]
[Black "Chernuschevich, Alexei"]
[Result "1/2-1/2"]
[WhiteElo "2328"]
[BlackElo "2524"]
[PlyCount "37"]
[EventDate "2006.??.??"]

1. e4 c5 2. Nf3 e6 3. Nc3 a6 4. d4 cxd4 5. Nxd4 Qc7 6. Bd3 Nf6 7. Qe2 d6 8. f4
Nbd7 9. Nf3 Nc5 10. e5 Nfd7 11. O-O Be7 12. Kh1 O-O 13. f5 Nxd3 14. cxd3 exf5
15. e6 Ne5 16. exf7+ Rxf7 17. Nd5 Qd8 18. Nxe7+ Qxe7 19. Bg5 1/2-1/2

[Event "Championnat de France 2006 - Accession"]
[Site "BESANCON"]
[Date "2006.08.23"]
[Round "8.6"]
[White "Chomet, Pascal"]
[Black "Naudier, Serge"]
[Result "1-0"]
[WhiteElo "2350"]
[BlackElo "2277"]
[PlyCount "49"]
[EventDate "2006.??.??"]

1. e4 e5 2. Nf3 Nc6 3. Bb5 a6 4. Ba4 Nf6 5. d3 b5 6. Bb3 Be7 7. O-O O-O 8. Re1
d6 9. c3 h6 10. Nbd2 Re8 11. a4 Bb7 12. Nh4 Na5 13. Ba2 Nxe4 14. Nxe4 Bxh4 15.
Bxh6 gxh6 16. Qg4+ Kf8 17. Qh5 Re6 18. Bxe6 fxe6 19. Qxh6+ Ke8 20. Qxe6+ Qe7
21. Qg4 Nb3 22. Ra3 d5 23. Ng3 Nc5 24. axb5 Nxd3 25. Qg6+ 1-0

[Event "Championnat de France 2006 - Accession"]
[Site "BESANCON"]
[Date "2006.08.23"]
[Round "8.8"]
[White "Bedouin, Xavier"]
[Black "Terrieux, Kevin"]
[Result "0-1"]
[WhiteElo "2294"]
[BlackElo "2343"]
[PlyCount "66"]
[EventDate "2006.??.??"]

1. e4 c5 2. Nf3 Nc6 3. c3 Nf6 4. e5 Nd5 5. d4 cxd4 6. cxd4 d6 7. Bc4 Nb6 8. Bb3
dxe5 9. d5 Na5 10. Nc3 f6 11. Be3 g6 12. O-O Bg7 13. Bc5 Nxb3 14. Qxb3 Bf5 15.
Rfd1 Rc8 16. Qa3 Qc7 17. b4 Nc4 18. Qxa7 b6 19. Qxc7 Rxc7 20. Nb5 Rc8 21. Be3
Bd7 22. a4 f5 23. Ng5 Bf6 24. Bc1 h6 25. Ne6 Kf7 26. Nbc7 e4 27. Ra2 Be5 28.
Na6 Bxe6 29. dxe6+ Kxe6 30. b5 Rhd8 31. Rf1 f4 32. Nb4 Na5 33. Bb2 Bd6 0-1

[Event "Championnat de France 2006 - Accession"]
[Site "BESANCON"]
[Date "2006.08.23"]
[Round "8.9"]
[White "Therkildsen, Thomas"]
[Black "Crut, Aurelien"]
[Result "0-1"]
[WhiteElo "2285"]
[BlackElo "2342"]
[PlyCount "114"]
[EventDate "2006.??.??"]

1. e4 e6 2. Nf3 d5 3. e5 Bd7 4. a3 a5 5. d4 c5 6. c3 Qb6 7. Be2 Nc6 8. O-O Nh6
9. b3 cxd4 10. cxd4 Nf5 11. Bb2 Be7 12. Qd3 O-O 13. Nbd2 a4 14. Rfc1 Na7 15.
Bd1 Bb5 16. Qb1 Nc6 17. Bc3 axb3 18. Qxb3 Qa6 19. a4 Bd3 20. Ne1 Bc4 21. Nxc4
Qxc4 22. Nf3 Qxb3 23. Bxb3 Rfc8 24. Kf1 Rc7 25. Rc2 Rac8 26. Rac1 Ba3 27. Ba5
Bxc1 28. Bxc7 Nfxd4 29. Rxc1 Nxb3 30. Rc3 Rxc7 31. Rxb3 Na5 32. Rb4 Nc4 33. Ke2
f6 34. exf6 gxf6 35. Nd4 Kf7 36. f4 Nd6 37. Rb6 Ke7 38. Kd3 e5 39. fxe5 fxe5
40. Nb5 Nxb5 41. axb5 d4 42. Rh6 Rc3+ 43. Ke4 Re3+ 44. Kd5 d3 45. Rxh7+ Kf6 46.
Kc4 e4 47. Kc3 Re2 48. Rxb7 Rc2+ 49. Kb3 e3 50. Rd7 e2 51. Rxd3 Rc5 52. Re3 Re5
53. Rxe2 Rxe2 54. Kc4 Ke6 55. Kc5 Kd7 56. Kb6 Kc8 57. Ka7 Rxg2 0-1

[Event "Championnat de France 2006 - Accession"]
[Site "BESANCON"]
[Date "2006.08.23"]
[Round "8.10"]
[White "Debray, Christopher"]
[Black "Philippe, Christophe"]
[Result "1-0"]
[WhiteElo "2284"]
[BlackElo "2411"]
[PlyCount "128"]
[EventDate "2006.??.??"]

1. d4 f5 2. g3 Nf6 3. Bg2 g6 4. Nh3 Bg7 5. Nf4 Nc6 6. h4 e5 7. dxe5 Nxe5 8. h5
c6 9. c4 d6 10. Qc2 O-O 11. Nd2 Nfg4 12. hxg6 hxg6 13. Nf3 Qb6 14. e3 Qb4+ 15.
Nd2 Re8 16. O-O a5 17. Rb1 a4 18. b3 a3 19. Nf3 Nxf3+ 20. Bxf3 Ne5 21. Bg2 Qc5
22. e4 Ng4 23. b4 Qd4 24. Rd1 Qf6 25. c5 dxc5 26. bxc5 Bf8 27. Rb3 g5 28. Nh3
Qe5 29. Rxa3 Rxa3 30. Bxa3 fxe4 31. Re1 e3 32. Qg6+ Bg7 33. fxe3 Bf5 34. Qh5
Ra8 35. Nxg5 Qxg3 36. Qf7+ Kh8 37. Qh5+ Nh6 38. Rd1 Qxe3+ 39. Kh1 Kg8 40. Bc1
Qe7 41. Bf3 Rxa2 42. Rg1 Ra1 43. Nh3 Be4 44. Ng5 Bxf3+ 45. Nxf3 Qf7 46. Qh3 Nf5
47. Rd1 Ra8 48. Ng5 Qh5 49. Qxh5 Ng3+ 50. Kg2 Nxh5 51. Rd7 Ra2+ 52. Kf3 Bf6 53.
Ne4 Be5 54. Rxb7 Ng7 55. Re7 Bb2 56. Bxb2 Rxb2 57. Rc7 Ne6 58. Re7 Nd4+ 59. Kf4
Kf8 60. Rd7 Rb4 61. Nf6 Ne6+ 62. Kf5 Nxc5 63. Rc7 Rf4+ 64. Kg6 Ne6 1-0

[Event "Championnat de France 2006 - Accession"]
[Site "BESANCON"]
[Date "2006.08.23"]
[Round "8.16"]
[White "Alanic, Xavier"]
[Black "Letreguilly, Olivier"]
[Result "1-0"]
[WhiteElo "2202"]
[BlackElo "2313"]
[PlyCount "83"]
[EventDate "2006.??.??"]

1. e4 c6 2. d3 d5 3. Nd2 e5 4. Ngf3 Bd6 5. Qe2 Nf6 6. d4 dxe4 7. Nxe5 Bf5 8.
Ndc4 O-O 9. c3 Bxe5 10. dxe5 Nd5 11. g4 Bg6 12. h4 h6 13. Bg2 Nd7 14. h5 Bh7
15. Bxe4 Bxe4 16. Qxe4 Re8 17. f4 f6 18. Bd2 Nc5 19. Qd4 Nxf4 20. Bxf4 Nd3+ 21.
Ke2 Qxd4 22. cxd4 Nxf4+ 23. Kf3 Nd5 24. Rhe1 fxe5 25. dxe5 Re7 26. Re4 Nc7 27.
Rd1 Ne6 28. Kg3 Rf8 29. Nd6 Ng5 30. Re3 Rd8 31. Rdd3 Red7 32. e6 Nxe6 33. Rxe6
c5 34. Rd5 b5 35. Kf4 c4 36. Kf5 b4 37. Rc5 c3 38. bxc3 bxc3 39. Rxc3 Rb8 40.
Rc8+ Rxc8 41. Nxc8 Rc7 42. Re8+ 1-0

[Event "Championnat de France 2006 - Accession"]
[Site "BESANCON"]
[Date "2006.08.23"]
[Round "8.20"]
[White "Delorme, Alban"]
[Black "Veron, Cyprien"]
[Result "1-0"]
[WhiteElo "2314"]
[BlackElo "2079"]
[PlyCount "23"]
[EventDate "2006.??.??"]

1. e4 e5 2. d4 exd4 3. Qxd4 Nc6 4. Qe3 b6 5. Nc3 Bc5 6. Qg3 Qf6 7. Nd5 Qd8 8.
Nxc7+ Kf8 9. Nxa8 d6 10. Bf4 Bb7 11. O-O-O Bxa8 12. Bxd6+ 1-0

[Event "Championnat de France 2006 - Accession"]
[Site "BESANCON"]
[Date "2006.08.23"]
[Round "8.27"]
[White "Clery, Nicolas"]
[Black "Sanchez, Nicolas"]
[Result "1-0"]
[WhiteElo "2278"]
[BlackElo "2188"]
[PlyCount "45"]
[EventDate "2006.??.??"]

1. d4 Nf6 2. c4 g6 3. Nc3 Bg7 4. e4 d6 5. h3 O-O 6. Be3 e5 7. d5 Na6 8. Bd3 Nc5
9. Bc2 a5 10. Nge2 Ne8 11. Qd2 f5 12. exf5 gxf5 13. f4 Ne4 14. Bxe4 fxe4 15.
O-O-O exf4 16. Nxf4 Nf6 17. g4 Qe8 18. Nb5 Bxg4 19. hxg4 Nxg4 20. Ne6 Rf3 21.
Nxg7 Kxg7 22. Bd4+ Kg6 23. Rdg1 1-0

[Event "Championnat de France 2006 - Accession"]
[Site "BESANCON"]
[Date "2006.08.23"]
[Round "8.30"]
[White "Leburgue, Sylvain"]
[Black "Bailet, Pierre"]
[Result "1-0"]
[WhiteElo "2197"]
[BlackElo "2051"]
[PlyCount "79"]
[EventDate "2006.??.??"]

1. e4 c5 2. Nf3 e6 3. d4 cxd4 4. Nxd4 Nf6 5. Bd3 Nc6 6. Nb3 Be7 7. O-O O-O 8.
f4 d6 9. Nc3 a6 10. Qf3 Qc7 11. Bd2 b5 12. Kh1 Bb7 13. Rae1 Rfe8 14. Qh3 b4 15.
Nd1 Nd7 16. Ne3 Nf8 17. Ng4 e5 18. f5 Qd8 19. f6 Bxf6 20. Rxf6 gxf6 21. Nh6+
Kg7 22. Nf5+ Kh8 23. Qh6 Ne6 24. Re3 Rg8 25. Rh3 Nf8 26. Qh5 Rg6 27. Bc4 Bc8
28. Bh6 Bxf5 29. exf5 Rxh6 30. Qxh6 d5 31. Rg3 Ng6 32. fxg6 fxg6 33. Bd3 e4 34.
Rxg6 Qe7 35. Be2 Rf8 36. Rg3 d4 37. h3 Rd8 38. Nc5 d3 39. cxd3 exd3 40. Bxd3
1-0

[Event "Championnat de France 2006 - Accession"]
[Site "BESANCON"]
[Date "2006.08.23"]
[Round "8.34"]
[White "Boukobza, Adrien"]
[Black "Humeau, Cyril"]
[Result "0-1"]
[WhiteElo "2192"]
[BlackElo "2095"]
[PlyCount "34"]
[EventDate "2006.??.??"]

1. d4 d5 2. c4 dxc4 3. Nc3 a6 4. a4 Nc6 5. e3 e5 6. d5 Na5 7. Nf3 Bd6 8. Nd2 f5
9. Nxc4 Nxc4 10. Bxc4 Nf6 11. O-O O-O 12. Bd2 Ng4 13. g3 e4 14. Be2 Qe7 15. Qc2
h5 16. Rae1 Bd7 17. f3 Nxh2 0-1

[Event "Championnat de France 2006 - Accession"]
[Site "BESANCON"]
[Date "2006.08.23"]
[Round "8.38"]
[White "Mancini, Mario"]
[Black "Suez-Panama, Gilles"]
[Result "1-0"]
[WhiteElo "2258"]
[BlackElo "2086"]
[PlyCount "53"]
[EventDate "2006.??.??"]

1. d4 Nf6 2. c4 c5 3. d5 e6 4. Nc3 exd5 5. cxd5 d6 6. Nf3 g6 7. h3 Bg7 8. e4
O-O 9. Bd3 a6 10. a4 Re8 11. O-O Nbd7 12. Bf4 Qc7 13. Nd2 Ne5 14. Be2 Rb8 15.
Bh2 g5 16. Bxe5 dxe5 17. a5 Nd7 18. Nc4 b5 19. axb6 Nxb6 20. Ne3 c4 21. Bg4 Nd7
22. Qe2 Rb4 23. Ra2 Nc5 24. Bxc8 Rxc8 25. Nf5 Nd3 26. d6 Nf4 27. dxc7 1-0

[Event "Championnat de France 2006 - Open A"]
[Site "BESANCON"]
[Date "2006.08.23"]
[Round "8.1"]
[White "Vilaisarn, Akkhavanh"]
[Black "Marie, Maxime"]
[Result "0-1"]
[WhiteElo "2190"]
[BlackElo "2165"]
[PlyCount "88"]
[EventDate "2006.??.??"]

1. g3 Nf6 2. Bg2 g6 3. c4 Bg7 4. Nc3 O-O 5. e4 e5 6. Nge2 Nc6 7. O-O d6 8. f4
Re8 9. d3 Nd4 10. Nxd4 exd4 11. Ne2 c5 12. h3 Rb8 13. g4 h5 14. f5 hxg4 15. Bg5
gxf5 16. Ng3 Re5 17. exf5 b5 18. cxb5 Rxb5 19. Rb1 gxh3 20. Bxh3 Qb6 21. Bxf6
Bxf6 22. Nh5 d5 23. Qg4+ Kf8 24. Qf4 Re3 25. Rfe1 Be5 26. Qh4 c4 27. Kh1 c3 28.
b3 Qd6 29. Rxe3 dxe3 30. d4 Rb4 31. Qg5 c2 32. Rg1 Rxd4 33. Qg8+ (33. f6 Bxf6
34. Nxf6 Bxh3 35. Qh6+ Ke7 36. Qxe3+ Re4 37. Nxe4 dxe4 38. Qxh3 Qf4 39. Qc3
Qh4+ 40. Kg2 Qg5+ 41. Kf2 Qf4+ 42. Ke2 Qh2+ 43. Kf1 Qf4+ 44. Ke2 $11) 33... Ke7
34. Qxc8 Rh4 35. Qb7+ $4 (35. f6+ $8 Bxf6 36. Nxf6 Kxf6 37. Qf5+ Ke7 38. Qg5+
Qf6 39. Qxe3+ Kd6) 35... Qc7 36. f6+ Kd6 37. Qa6+ Kc5 38. b4+ Kd4 39. Rc1 Rxh3+
40. Kg2 Rh2+ 41. Kf3 Rxh5 42. Qa3 Rf5+ 43. Kg4 Rf4+ 44. Kh5 Bxf6 0-1

[Event "Championnat de France 2006 - Open A"]
[Site "BESANCON"]
[Date "2006.08.23"]
[Round "8.4"]
[White "Adda, Olivier"]
[Black "Gaubil, Olivier"]
[Result "1-0"]
[WhiteElo "2142"]
[BlackElo "2103"]
[PlyCount "111"]
[EventDate "2006.??.??"]

1. e4 e6 2. d4 d5 3. Nd2 Nf6 4. e5 Nfd7 5. Bd3 c5 6. c3 Nc6 7. Ne2 cxd4 8. cxd4
g6 9. Nf3 Bg7 10. h4 f6 11. exf6 Nxf6 12. Ng3 O-O 13. h5 Ng4 14. hxg6 Bxd4 15.
Nxd4 Nxf2 16. gxh7+ Kh8 17. Nxc6 bxc6 18. Qe2 Nxh1 19. Qe5+ Qf6 20. Qxf6+ Rxf6
21. Bg5 Rf8 22. Nxh1 e5 23. Ng3 e4 24. Bc2 Kxh7 25. Be3 Bg4 26. Kd2 Kg6 27. Rc1
Rh8 28. Nxe4 dxe4 29. Bxe4+ Kf7 30. Rxc6 Rad8+ 31. Kc3 Rc8 32. Bd5+ Ke7 33.
Bc5+ Kd7 34. Rd6+ Ke8 35. b4 Bd7 36. Ra6 Rc7 37. a4 Rh5 38. Bf3 Rg5 39. Kd4 Kf7
40. Bxa7 Bc8 41. Bb8 Rd7+ 42. Rd6 Ke7 43. Rxd7+ Bxd7 44. Bf4 Rf5 45. Ke4 Kf6
46. g4 Bc6+ 47. Ke3 Bxf3 48. Kxf3 Rd5 49. Ke4 Rd1 50. a5 Ke6 51. a6 Ra1 52. b5
Ra4+ 53. Kf3 Ra3+ 54. Be3 Kd5 55. a7 Ra4 56. g5 1-0

[Event "Championnat de France 2006 - Open A"]
[Site "BESANCON"]
[Date "2006.08.23"]
[Round "8.5"]
[White "Debeaune, Robin"]
[Black "Rigolot, Matthieu"]
[Result "0-1"]
[WhiteElo "2150"]
[BlackElo "2153"]
[PlyCount "86"]
[EventDate "2006.??.??"]

1. g3 Nf6 2. Bg2 d5 3. Nf3 c5 4. O-O e6 5. b3 Nbd7 6. Bb2 b6 7. c4 Bb7 8. e3
Bd6 9. Nc3 O-O 10. Qe2 Rc8 11. Rfd1 Qe7 12. cxd5 Nxd5 13. Nxd5 exd5 14. Rac1
Rfe8 15. d4 c4 16. Nh4 Nf6 17. Nf5 Qd8 18. Nxd6 Qxd6 19. bxc4 Ba6 20. Qc2 Rxc4
21. Qf5 Rec8 22. g4 g6 23. Qf3 Rc2 24. Rxc2 Rxc2 25. Ba3 Qxa3 26. Qxf6 Rc1 27.
Qf3 Rxd1+ 28. Qxd1 Qxa2 29. h4 Be2 30. Qc1 Bxg4 31. Qc7 Qb1+ 32. Kh2 Qf5 33.
Qxa7 Qxf2 34. Qe7 h6 35. Qe8+ Kg7 36. Qe5+ Qf6 37. Qg3 Be6 38. Kg1 b5 39. Qe1
h5 40. Kh1 b4 41. Qxb4 Qxh4+ 42. Kg1 Qg3 43. Qd2 Bh3 0-1

[Event "Championnat de France 2006 - Open A"]
[Site "BESANCON"]
[Date "2006.08.23"]
[Round "8.6"]
[White "Faure, Stephane"]
[Black "Prouteau, Thomas"]
[Result "1-0"]
[WhiteElo "2143"]
[BlackElo "2080"]
[PlyCount "75"]
[EventDate "2006.??.??"]

1. d4 d5 2. Nf3 Nf6 3. g3 c6 4. c4 Bf5 5. Nc3 e6 6. Bg2 Nbd7 7. O-O Be7 8. h3
O-O 9. Nh4 Bg6 10. Nxg6 hxg6 11. Qb3 Qb6 12. Qxb6 Nxb6 13. c5 Nbd7 14. Bg5 Rfe8
15. f4 Rad8 16. b4 Ne4 17. Bxe7 Rxe7 18. Bxe4 dxe4 19. Nxe4 Nf6 20. Nd6 Nd5 21.
Rab1 Ne3 22. Rf3 Nf5 23. Nxf5 exf5 24. e3 a6 25. Rb3 f6 26. Rf1 Kf7 27. Kf2 Ke6
28. Kf3 Kd5 29. Rc1 Rh8 30. h4 g5 31. fxg5 fxg5 32. hxg5 Rh5 33. a4 Rxg5 34. b5
axb5 35. axb5 Rh5 36. bxc6 bxc6 37. Rb8 Rd7 38. Re8 {#} 1-0